000
00279nam a2200109Ia 4500
008
220120s9999||||xx |||||||||||||| ||und||
020
_a
9789810791223
082
_a
621.395 GIV
100
_a
Givone, Donald, D
_9
2779
245
0
_a
Digital principles and design
300
_a
191p.
_b
0
999
_c
136495
_d
136495